Carregant...
Negotiating empowerment : studies in English language education /
Contributed articles presented at an international conference held at Indo-American Centre for International Studies, Hyderabad, India in 2004.
| Autor corporatiu: | |
|---|---|
| Altres autors: | |
| Format: | Printed Book |
| Idioma: | English |
| Publicat: |
Hyderabad :
Orient Longman,
2008.
|
| Matèries: | |
| Accés en línia: | Table of contents only |
| LEADER | 01366cam a22002894a 4500 | ||
|---|---|---|---|
| 008 | 080116s2008 ii b 101 0 eng | ||
| 999 | |c 350558 |d 350558 | ||
| 010 | |a 2008307067 | ||
| 020 | |a 9788125032311 | ||
| 020 | |a 8125032312 | ||
| 025 | |a I-E-2008-307067; 93-13 | ||
| 042 | |a lcode | ||
| 082 | 0 | 4 | |a 428.0071054 |2 22 |
| 245 | 0 | 0 | |a Negotiating empowerment : |b studies in English language education / |c [edited by] Premakumari Dheram. |
| 260 | |a Hyderabad : |b Orient Longman, |c 2008. | ||
| 300 | |a xiv, 225 p. ; |c 23 cm. | ||
| 504 | |a Includes bibliographical references and index. | ||
| 520 | |a Contributed articles presented at an international conference held at Indo-American Centre for International Studies, Hyderabad, India in 2004. | ||
| 650 | 0 | |a English language |x Study and teaching |z South Asia |v Congresses. | |
| 650 | 0 | |a English language |x Study and teaching |v Congresses. | |
| 700 | 1 | |a Dheram, Prema Kumari, | |
| 856 | 4 | 1 | |3 Table of contents only |u http://www.loc.gov/catdir/toc/fy0803/2008307067.html |
| 942 | |c BK | ||
| 710 | 2 | |a Indo-American Centre for International Studies (Hyderabad, India) | |
| 906 | |a 7 |b cbc |c origode |d 3 |e ncip |f 20 |g y-gencatlg | ||
| 955 | |a wd34 2008-03-07 to RCCD | ||
| 952 | |0 0 |1 0 |2 ddc |4 0 |6 428_007000000000000_105_4_DHE_N |7 0 |9 404896 |a SDE |b SDE |c ST1 |d 2020-06-08 |g 750.00 |i 4502 |l 0 |o 428.007 105 4 DHE/N |p SDE4502 |r 2020-06-08 |w 2020-06-08 |y BK | ||